00571nam a2200157 a 4500008004100000050001700041100002000058245003900078246003800117250001200155260001100167350000900178995008400187999001700271952012500288120416s9999 ||||||||||||||||| || u aHB 171.5 Gil aGill, Richard T10aEconomics and the private interest aan introduction to microeconomics a2nd ed. a[1976] a0.00 D0.00FCBU-MAIN LIBRARY (Kitwe)H1I0.00UAVAILABLEZAnnex Low-Usage Collection  c40981d40981 00102lcc4070a001b001cAnnex Low-Usage Collection d2022-11-30l0oHB 171.5 Gilp001911r2022-11-30w2022-11-30y002